Stárnoucí populace - problém nebo příležitost?
Príspevok poukazuje na niektoré z možností a odvetví, ktoré pre firmy existujú práve v súvislosti so stárnucou populáciou a čo pomôže tejto špecifickej skupine zákazníkov udržať čo najviac nezávislý životný štýl. Tiež uvádza príklady firiem, malých i veľkých, ktoré už tieto príležitosti využívajú.
Salvato in:
| Autore principale: | |
|---|---|
| Natura: | Capitolo di libro |
| Lingua: | ceco |
| Soggetti: | |
| Tags: |
Nessun Tag, puoi essere il primo ad aggiungerne!!
|
MARC
| LEADER | 00000nla a2200000 4500 | ||
|---|---|---|---|
| 001 | 0192354 | ||
| 005 | 20240417075048.6 | ||
| 041 | 0 | |a cze | |
| 044 | |a CZ | ||
| 245 | 1 | 0 | |a Stárnoucí populace - problém nebo příležitost? |c Renáta Nárožná |
| 520 | |a Príspevok poukazuje na niektoré z možností a odvetví, ktoré pre firmy existujú práve v súvislosti so stárnucou populáciou a čo pomôže tejto špecifickej skupine zákazníkov udržať čo najviac nezávislý životný štýl. Tiež uvádza príklady firiem, malých i veľkých, ktoré už tieto príležitosti využívajú. | ||
| 610 | 2 | 0 | |a starnutie populácie |
| 610 | 2 | 0 | |a podnikanie |
| 610 | 2 | 0 | |a obchod |
| 610 | 2 | 0 | |a štýl životný |
| 100 | 1 | |a Nárožná, Renáta | |